000 00480nmm a2200157Ia 4500
008 251105s9999||||xx |||||||||||||||||und||
041 _aspa
100 _aAyensa Esparza, Ángel Mª
245 0 _aContaplus 2012
264 _a[Madrid, España] :
_bMinisterio de Educación, Cultura y Deporte de España,
_c2012
300 _a220 páginas
490 _aAula Mentor
650 _aEconomics and Business
856 _uhttps://public.digitaliapublishing.com/a/30190
942 _cCF
999 _c98420
_d98420